000 00343 a2200157 4500
001 59619
020 _a9783785549858
040 _cAnchieta - Pituba
100 _aMeyer, Kai
240 1 0 _aDie muschelmagier
_lpor
245 1 0 _aDie muschelmagier
300 _a359
362 0 _a2006
650 4 _aLiteratura juvenil em alemão
942 _cBK
999 _c59619
_d59619